Statistiques concernant Harry Potter commençant par P

Cliquez ici pour prendre le quiz!

Statistiques générales

  • Ce quiz a été pris 700 fois
  • Le résultat moyen est 7 sur 10

Statistiques - réponses

Hint Answer % Correct
Nom du chat d'HermionePattenrond
97%
Surnom de SiriusPatmol
93%
Fabriquée par Nicolas FlamelPierre philosophale
90%
Potion pour prendre l'apparence de quelqu'un d'autrePolynectar
87%
Son manuel de potion est bien utile pour HarryPrince de Sang-mêlé
81%
Elle se trouve dans le bureau du directeur de PoudlardPensine
72%
Rita Skeeter s'en sert pour ses interviewsPlume à papote
63%
Potion pour faire repousser les osPoussos
58%
Une alternative à la poudre de cheminettePortoloin
50%
friandise à la citrouillePatacitrouille
48%

Distribution des résultats

Percentile par nombre de réponses

% des personnes avec chaque résultat

Votre développement - résultats

Vous n’avez pas pris ce quiz